000 00754nam a22001817a 4500
999 _c62814
_d62814
003 Ge_BSU
005 20250304121314.0
008 250304s1938 ge ||||| |||| 00| 0 geo d
041 _ageo
080 _a616.9(075.32) პ-62
100 _aპოპოვი, ნ.ვ.
_924433
245 _aინფექციურ სნეულებათა სახელმძღვანელო /
_cნ.ვ. პოპოვი.
264 _aთბილისი :
_c1938.
_bსაქბიომედგამი,
300 _a216 გვ. :
_bსურ. ;
_c22 სმ.
653 _aინფექციურ სნეულებათა სახელმძღვანელოები
653 _aმედიცინა
942 _2udc
_cBK